000 00344nam a22001457a 4500
003 OSt
005 20220221144917.0
008 220221b |||||||| |||| 00| 0 eng d
020 _a0131740954
040 _cHU
082 _a629.89
_b1
100 _aShahian Bahram
_931041
245 _aControl System Design Using Matrix
942 _2ddc
_cBOOKS
_n0
999 _c31053
_d31053